Comunicado del IDHUCA a propósito de la impunidad

Uloženo v:
Podrobná bibliografie
Médium: Text
Témata:
Tagy: Přidat tag
Žádné tagy, Buďte první, kdo vytvoří štítek k tomuto záznamu!

MARC

LEADER 00000 a a2200000 04500
001 6881
003
040
245 |a Comunicado del IDHUCA a propósito de la impunidad  
650 |a PAZ  
650 |a POLITICA  
650 |a DERECHOS HUMANOS  
650 |a JUSTICIA SOCIAL  
650 |a EL SALVADOR  
773 |g volumen 28, número 1262; páginas 13-14  
999 |c 30514  |d 30514